00478nam a22001817i 45000010005000000030004000050050017000090070003000260080041000290200018000700240014000880240020001020400008001221000024001302450101001542600021002553000020002767295OSt20170126082358.0tu161220s2005 xxu||||| |||| 00| 0 d a1-4039-4160-27 a72952RID7 a72952RSN (alt) cOSt1 aDrabek, ZdenekeEd.00aCan Regional Integration Arrangements Enforce Trade Discipline?bThe Story of the EU Enlargement aNew York,c2005. a261 S. ;c21cm.